<?xml version="1.0" encoding="UTF-8"?><?xml-stylesheet type="text/xsl" href="static/style.xsl"?><OAI-PMH xmlns="http://www.openarchives.org/OAI/2.0/" xmlns:xsi="http://www.w3.org/2001/XMLSchema-instance" xsi:schemaLocation="http://www.openarchives.org/OAI/2.0/ http://www.openarchives.org/OAI/2.0/OAI-PMH.xsd"><responseDate>2026-04-13T03:01:39Z</responseDate><request verb="GetRecord" identifier="oai:www.recercat.cat:2072/442573" metadataPrefix="marc">https://recercat.cat/oai/request</request><GetRecord><record><header><identifier>oai:recercat.cat:2072/442573</identifier><datestamp>2024-10-31T05:32:42Z</datestamp><setSpec>com_2072_98</setSpec><setSpec>col_2072_378192</setSpec></header><metadata><record xmlns="http://www.loc.gov/MARC21/slim" xmlns:dcterms="http://purl.org/dc/terms/" xmlns:xsi="http://www.w3.org/2001/XMLSchema-instance" xmlns:doc="http://www.lyncode.com/xoai" xsi:schemaLocation="http://www.loc.gov/MARC21/slim http://www.loc.gov/standards/marcxml/schema/MARC21slim.xsd">
   <leader>00925njm 22002777a 4500</leader>
   <datafield ind2=" " ind1=" " tag="042">
      <subfield code="a">dc</subfield>
   </datafield>
   <datafield ind2=" " ind1=" " tag="720">
      <subfield code="a">Calderón Campos, Miguel</subfield>
      <subfield code="e">author</subfield>
   </datafield>
   <datafield ind2=" " ind1=" " tag="720">
      <subfield code="a">Vaamonde dos Santos, Gael</subfield>
      <subfield code="e">author</subfield>
   </datafield>
   <datafield ind2=" " ind1=" " tag="260">
      <subfield code="c">2020</subfield>
   </datafield>
   <datafield ind2=" " ind1=" " tag="520">
      <subfield code="a">Transcurridas casi dos décadas desde la aparición de los grandes corpus históricos, la posibilidad de acceder a grandes bancos de datos de una forma rápida y sencilla se ha asumido ya como metodología habitual. No obstante, en los últimos años se ha ido imponiendo una mirada más exigente que ha derivado en la construcción de corpus históricos especializados de tamaño más reducido (Enrique-Arias 2009; Kabatek 2016). En este artículo se presenta el corpus Oralia diacrónica del español (ODE), compuesto por inventarios de bienes, declaraciones de testigos y certificaciones de cirujanos. Respecto a la metodología, las transcripciones de los manuscritos inéditos se procesan en la plataforma TEITOK (Janssen 2016), especialmente diseñada para tokenizar, normalizar y anotar textos en formato XML-TEI. El resultado final es un producto que combina la edición digital, la imagen facsimilar y el corpus lingüísticamente anotado, convirtiendo así a ODE en un recurso electrónico de utilidad para paleógrafos, filólogos, lingüistas e historiadores.</subfield>
   </datafield>
   <datafield ind2=" " ind1=" " tag="520">
      <subfield code="a">Almost two decades after the appearance of big historical corpora, accessing large databases in a quick and easy way has already become part of the standard methodology. However, in recent years a more demanding approach has been imposed, which has led to the construction of smaller specialized historical corpora (Enrique-Arias 2009; Kabatek 2016). This article presents the corpus Oralia diacrónica del español (ODE), composed of inventories of goods, witness statements and surgeons' certifications. Regarding the methodology, transcriptions of unpublished manuscripts have been processed on the TEITOK platform (Janssen 2016), which is specially designed to tokenize, standardize and annotate texts in the XML-TEI format. The final result is a product that combines the digital edition, the facsimile image and the linguistically annotated corpus, making ODE, as such, a useful electronic resource for palaeographers, philologists,linguists and historians.</subfield>
   </datafield>
   <datafield tag="653" ind2=" " ind1=" ">
      <subfield code="a">Electronic corpus design</subfield>
   </datafield>
   <datafield tag="653" ind2=" " ind1=" ">
      <subfield code="a">16th-19th centuries</subfield>
   </datafield>
   <datafield tag="653" ind2=" " ind1=" ">
      <subfield code="a">Corpus annotation</subfield>
   </datafield>
   <datafield tag="653" ind2=" " ind1=" ">
      <subfield code="a">Historical dialectology</subfield>
   </datafield>
   <datafield tag="653" ind2=" " ind1=" ">
      <subfield code="a">XML-TEI</subfield>
   </datafield>
   <datafield tag="653" ind2=" " ind1=" ">
      <subfield code="a">Diseño de corpus electrónicos</subfield>
   </datafield>
   <datafield tag="653" ind2=" " ind1=" ">
      <subfield code="a">Siglos xvi-xix</subfield>
   </datafield>
   <datafield tag="653" ind2=" " ind1=" ">
      <subfield code="a">Anotación de corpus</subfield>
   </datafield>
   <datafield tag="653" ind2=" " ind1=" ">
      <subfield code="a">Dialectología histórica</subfield>
   </datafield>
   <datafield ind2="0" ind1="0" tag="245">
      <subfield code="a">"Oralia diacrónica del español" : un nuevo corpus de la edad moderna</subfield>
   </datafield>
</record></metadata></record></GetRecord></OAI-PMH>